<?xml version="1.0" encoding="UTF-8"?>
<collection xmlns="http://www.loc.gov/MARC21/slim">
 <record>
  <leader>00528pamaa2200157   4500</leader>
  <controlfield tag="001">0000041073</controlfield>
  <controlfield tag="005">20061121090000.0</controlfield>
  <datafield tag="020" ind1="0" ind2="0">
   <subfield code="a">9813018518 </subfield>
  </datafield>
  <datafield tag="090" ind1="0" ind2="0">
   <subfield code="a">DS591.5 </subfield>
   <subfield code="b">ENC 2005</subfield>
  </datafield>
  <datafield tag="245" ind1="0" ind2="4">
   <subfield code="a">The ENCYCLOPEDIA of Malaysia : </subfield>
   <subfield code="b">religions and beliefs, Volume 10  </subfield>
   <subfield code="c">edited by Dr M. Kamal Hassan and Dr. Ghazali Bin Basri.</subfield>
  </datafield>
  <datafield tag="260" ind1="0" ind2="0">
   <subfield code="a">Kuala Lumpur: </subfield>
   <subfield code="b">Archipelago Press, </subfield>
   <subfield code="c">2005.</subfield>
  </datafield>
  <datafield tag="300" ind1=" " ind2=" ">
   <subfield code="a">fgcd144p.: </subfield>
   <subfield code="b">col.ill.; </subfield>
   <subfield code="c">30cm.</subfield>
  </datafield>
  <datafield tag="650" ind1="0" ind2="0">
   <subfield code="a">Religions </subfield>
  </datafield>
  <datafield tag="651" ind1="0" ind2="0">
   <subfield code="a">Malaysia -- </subfield>
   <subfield code="x">Encyclopedias </subfield>
  </datafield>
  <datafield tag="700" ind1="1" ind2="1">
   <subfield code="a">M. Kamal Hassan </subfield>
  </datafield>
  <datafield tag="700" ind1="1" ind2="1">
   <subfield code="a">Ghazali Bin Basri </subfield>
  </datafield>
 </record>
</collection>
